El humo de los trenes / (Record no. 142642)

MARC details
000 -CABECERA
campo de control de longitud fija 00626cam a22002294a 4500
003 - IDENTIFICADOR DEL NÚMERO DE CONTROL
campo de control UPN
005 - FECHA Y HORA DE LA ÚLTIMA TRANSACCIÓN
campo de control 20240228063632.0
008 - ELEMENTOS DE LONGITUD FIJA--INFORMACIÓN GENERAL
campo de control de longitud fija 090520s1998 es a r 000 f spa d
020 ## - NÚMERO INTERNACIONAL NORMALIZADO PARA LIBROS
Número Internacional Estándar del Libro 8495129027
035 ## - NÚMERO DE CONTROL DEL SISTEMA
Número de control de sistema UPN01000170537
040 ## - FUENTE DE LA CATALOGACIÓN
Centro catalogador/agencia de origen UPN
Lengua de catalogación spa
Centro/agencia transcriptor UPN
049 ## - COLECCIÓN
Colección I
050 #4 - SIGNATURA TOPOGRÁFICA DE LA BIBLIOTECA DEL CONGRESO
Número de clasificación PQ6719 A4.9
Número de documento/Ítem H8.5
100 1# - ASIENTO PRINCIPAL--NOMBRE PERSONAL
Nombre de persona Sanz, Ignacio,
Fechas asociadas al nombre 1953-
9 (RLIN) 43421
245 13 - MENCIÓN DE TÍTULO
Título El humo de los trenes /
Mención de responsabilidad, etc. Ignacio Sanz ; il. Cristina Peláez.
260 ## - PUBLICACIÓN, DISTRIBUCIÓN, ETC.
Lugar de publicación, distribución, etc. Málaga, Esp. :
Nombre del editor, distribuidor, etc. Sarriá,
Fecha de publicación, distribución, etc. [2000?].
300 ## - DESCRIPCIÓN FÍSICA
Extensión 91 p. :
Otras características físicas il.
490 0# - MENCIÓN DE SERIE
Mención de serie Leones
650 #4 - ASIENTO SECUNDARIO DE MATERIA - TERMINO TEMATICO
Término de materia o nombre geográfico como elemento de entrada Literatura infantil española
9 (RLIN) 5892
905 ## - TIPO DE MATERIAL
Tipo de material Infantil
942 ## - ELEMENTOS DE PUNTO DE ACCESO ADICIONAL (KOHA)
Fuente del sistema de clasificación o colocación Library of Congress Classification
Tipo de ítem Koha Libro
Holdings
Estado de retiro Estado de pérdida Fuente del sistema de clasificación o colocación Estado dañado No para préstamo Código de colección Localización permanente Ubicación/localización actual Ubicación en estantería Fecha de adquisición Total de préstamos Clasificación Código de barras Fecha visto por última vez Número de copia Tipo de ítem Koha
    Library of Congress Classification     Infantil Bib. Gregorio Torres Quintero Bib. Gregorio Torres Quintero Sala infantil Planta baja 10/05/2023 1 PQ6719 A4.9 H8.5 264391 31/12/2020 1 Libro